000 00300nam a22001337a 4500
008 170630b xxu||||| |||| 00| 0 eng d
020 _a2900195320427
041 _aeng
080 _26TH
_a94
100 _a16
101 _aSHH
245 _aCOLONIAL LATIN AMERICA
_cBURKHOLDER,M.A
942 _2udc
_cBK
999 _c19759
_d19759